調布市の町名 - Statistics

General Stats
  • This quiz has been taken 31 times
  • The average score is 14 of 27
Answers on the Map
Answers color-coded by a green-red scale on the quiz's map according to % correct below.
 
Answer Stats
町名 % Correct
国領町
89%
仙川町
83%
布田
83%
多摩川
72%
西町
72%
柴崎
67%
深大寺東町
67%
深大寺南町
67%
上石原
61%
下石原
61%
深大寺北町
61%
飛田給
61%
小島町
56%
佐須町
50%
調布ケ丘
50%
東つつじケ丘
50%
若葉町
50%
菊野台
44%
染地
44%
西つつじケ丘
44%
八雲台
39%
入間町
33%
富士見町
33%
緑ケ丘
33%
深大寺元町
28%
野水
22%
下布田町
11%
No matching quizzes found
Score Distribution
Percent of People with Each Score
Percentile by Number Answered
Your Score History
You have not taken this quiz